000 00359nam a2200133Ia 4500
008 220204s9999 xx 000 0 und d
082 _a574
_bKLO
100 _aKLOPFER, Peter H
245 0 _aBehavioral aspects of ecology.
260 _aNew Delhi
_bPrentice Hall
_c1964
490 _aPrentice Hall biological science series
650 _aEcology
942 _cBK
999 _c21064
_d21064